Loading...
Romance of words
| Main Author: | |
|---|---|
| Format: | Printed Book |
| Language: | Undetermined |
| Published: |
Chintha publishers Trivandrm,
|
| Subjects: |
| LEADER | 00459nam a2200145Ia 4500 | ||
|---|---|---|---|
| 008 | 200324s9999 xx 000 0 und d | ||
| 082 | |a 428.07 |b SUK-R | ||
| 100 | |a Prof.Sukumaran,V | ||
| 245 | 0 | |a Romance of words | |
| 260 | |b Chintha publishers Trivandrm, | ||
| 300 | |a 168p. | ||
| 650 | |a vocabulary | ||
| 942 | |c BK | ||
| 999 | |c 289187 |d 289187 | ||
| 952 | |0 0 |1 0 |4 0 |6 428_070000000000000_SUKR |7 0 |9 307721 |a SDE |b SDE |d 2019-02-23 |l 0 |o 428.07 SUK-R |p SDE25409 |r 2020-03-27 |w 2020-03-27 |y BK | ||